01028cam a2200241 a 450000100100000000500170001000800410002702000150006803500190008304000300010208200180013210000410015024501490019126001440034030000270048449000270051165000320053883000340057091000340060404900090063895201220064799900170076900001495920200929163930.0990224s1997 ve a 000 0 spa d a9803510150 a(DLC) 99176823 aDO-SdBNPbspacDLCdBNPHU a750.87bN322p1 aNavarro, Pascual,d1923-1985.93386110aPascual Navarro :bentre galas neoclásicas : Coleccion Museo Arturo Michelena, Caracas ; Foyer del Teatro Municipal, Valencia, Diciembre 1997. aCaracas :bConsejo Nacional de la Cultura :bFundación Museo Arturo Michelena :bAlcaldía de Valencia :bDirección de Cultura,c1997. a32 p. :bil. ;c28 cm.1 aMuseo Arturo Michelena 4aPinturas venezolanas933862 0aMuseo Arturo Michelena933863 aCatalogación por copia / LC aBNGR 001054708MOaGRbGRcCTd2010-01-27iLF1l0o750.87 N322pp14959-10r2020-06-25w2020-06-25y4ZPréstamo en sala c14534d14534